V. 14, № 11; Journal of Solid State Electrochemistry

Dettagli Bibliografici
Parent link:Journal of Solid State Electrochemistry: научные исследования и разработки в области науки и технологии. V. 14, № 11.— , 2010-
Lingua:inglese
Pubblicazione: 2010
Natura: MixedMaterials Libro
KOHA link:https://koha.lib.tpu.ru/cgi-bin/koha/opac-detail.pl?biblionumber=569695

MARC

LEADER 00000nam2a2200000 4500
001 569695
005 20231101124839.0
035 |a (RuTPU)RU\TPU\prd\267161 
090 |a 569695 
100 |a 20161208a20009999k y0engy50 ca 
101 0 |a eng 
102 |a DE 
200 0 |a V. 14, № 11 
210 |d 2010 
461 1 |0 (RuTPU)RU\TPU\prd\266609  |t Journal of Solid State Electrochemistry  |o научные исследования и разработки в области науки и технологии  |v V. 14, № 11  |d 2010- 
801 0 |a RU  |b 63413507  |c 20010227  |g PSBO 
801 1 |a RU  |b 63413507  |c 20161208 
801 2 |a RU  |b 63413507  |c 20190325  |g RCR 
942 |c BK 
999 |a НТБ_ТПУ  |b НФ  |e -1/20160111  |p П-9492  |u 0,00  |v 1  |y 13821000814989